[Event "Treviso WE op 28th"]
[Site "Treviso"]
[Date "2004.12.08"]
[Round "5.21"]
[White "Morello, Franco"]
[Black "De Gregoris, Piero"]
[Result "1/2-1/2"]
[WhiteElo "1448"]
[BlackElo "1700"]
[PlyCount "49"]
[EventDate "2004.12.04"]
[EventType "swiss"]
[EventCountry "ITA"]
[SourceTitle "EXT 2024"]
[Source "ChessBase"]
[SourceDate "2023.10.10"]
[SourceVersion "1"]
[SourceVersionDate "2023.10.10"]
[SourceQuality "1"]

1. e4 e5 2. Nf3 d5 3. exd5 Qxd5 4. Nc3 Qe6 5. Bb5+ c6 6. Ba4 Qg6 7. d3 Bd6 8. Ne4 Bc7 9. Bb3 Be6 10. Bxe6 Qxe6 11. 0-0 Nd7 12. Nfg5 Qg6 13. Re1 0-0-0 14. Nf3 f5 15. Nc3 Ngf6 16. Nh4 Qg4 17. Qxg4 fxg4 18. Bg5 h6 19. Bxf6 gxf6 20. Nf5 h5 21. g3 Kb8 22. b4 Rdg8 23. Ne4 Bd8 24. a4 Nb6 25. c4 1/2-1/2

[Event "Treviso WE op 28th"]
[Site "Treviso"]
[Date "2004.12.08"]
[Round "4.26"]
[White "Morello, Franco"]
[Black "Decleva, Gianni"]
[Result "1-0"]
[WhiteElo "1448"]
[BlackElo "1620"]
[PlyCount "45"]
[EventDate "2004.12.04"]
[EventType "swiss"]
[EventCountry "ITA"]
[SourceTitle "EXT 2024"]
[Source "ChessBase"]
[SourceDate "2023.10.10"]
[SourceVersion "1"]
[SourceVersionDate "2023.10.10"]
[SourceQuality "1"]

1. e4 c5 2. Nf3 Nc6 3. c3 g6 4. d4 cxd4 5. cxd4 Bg7 6. d5 Ne5 7. Be2 Qb6 8. Nc3 Nxf3+ 9. Bxf3 d6 10. Qc2 Bd7 11. Be3 Qc7 12. 0-0 Rc8 13. Rac1 b5 14. a3 a5 15. Qd3 Qb7 16. b4 axb4 17. axb4 Nf6 18. Be2 Rb8 19. Bd4 0-0 20. Ra1 Rfc8 21. Ra7 Rxc3 22. Rxb7 Rxd3 23. Rxb8+ 1-0